| 000 | 00373nam a2200157Ia 4500 | ||
|---|---|---|---|
| 008 | 230524s9999 xx 000 0 und d | ||
| 082 |
_a510 _bDUT |
||
| 100 | _aDebashis Dutta | ||
| 245 | 0 | _aEngineering Mathematics Vol-I | |
| 250 | _a1ST | ||
| 260 |
_aNEW DELHI _bNAI _c2001 |
||
| 300 | _aIX;434 | ||
| 500 | _aQuantity Number: 1 | ||
| 650 | _aMathematics | ||
| 942 | _cBK | ||
| 999 |
_c33225 _d33225 |
||